Normal view MARC view
  • SCHIFFMAN, .D. Mike

Entry Personal Name

Number of records used in: 1

001 - CONTROL NUMBER

  • control field: 123975

003 - CONTROL NUMBER IDENTIFIER

  • control field: NUST

005 - DATE AND TIME OF LATEST TRANSACTION

  • control field: 20240701182951.0

008 - FIXED-LENGTH DATA ELEMENTS

  • fixed length control field: 240701|| aca||aabn | a|a d

040 ## - CATALOGING SOURCE

  • Original cataloging agency: NUST
  • Transcribing agency: NUST

100 ## - HEADING--PERSONAL NAME

  • Personal name: SCHIFFMAN, .D. Mike

670 ## - SOURCE DATA FOUND

  • Source citation: Work cat.: (NUST): SCHIFFMAN, .D. Mike,, HACKER'S CHALLENGE: Test your Network Security & Forensic Skills, 2003.
© 2023 Central Library, National University of Sciences and Technology. All Rights Reserved.